[Event "Avoine op 26th"]
[Site "Avoine"]
[Date "2011.07.30"]
[Round "8"]
[White "Zdebskaja, Natalia"]
[Black "Fruteau, Sabine"]
[Result "1/2-1/2"]
[WhiteElo "2384"]
[BlackElo "2102"]
[PlyCount "59"]
[EventDate "2011.07.23"]
[EventType "swiss"]
[EventRounds "9"]
[EventCountry "FRA"]
[SourceTitle "EXT 2012"]
[Source "ChessBase"]
[SourceDate "2011.11.24"]
[SourceVersion "1"]
[SourceVersionDate "2011.11.24"]
[SourceQuality "1"]

1. e4 e5 2. Nf3 Nc6 3. Bb5 a6 4. Ba4 Nf6 5. 0-0 Be7 6. Re1 b5 7. Bb3 0-0 8. h3 d6 9. c3 Na5 10. Bc2 c5 11. d4 Qc7 12. Nbd2 Nc6 13. d5 Nd8 14. a4 Rb8 15. axb5 axb5 16. b4 c4 17. Nf1 Ne8 18. Ng3 g6 19. Bh6 Ng7 20. Ra5 f6 21. Qe2 Nf7 22. Bd2 Bd7 23. Rea1 Rfc8 24. Ra7 Qd8 25. R1a6 Ra8 26. Be3 Rxa7 27. Bxa7 Ra8 28. Bb1 Qc8 29. Ra2 Qb7 30. Be3 1/2-1/2

[Event "UKR-ch (Women)"]
[Site "Poltava"]
[Date "2010.11.21"]
[Round "9"]
[White "Zdebskaja, Natalia"]
[Black "Ivanenko, Olga I"]
[Result "1/2-1/2"]
[WhiteElo "2383"]
[BlackElo "2132"]
[PlyCount "39"]
[EventDate "2010.11.13"]
[EventType "swiss"]
[EventRounds "9"]
[EventCountry "UKR"]
[SourceTitle "CBM 139 Extra"]
[Source "ChessBase"]
[SourceDate "2011.01.05"]
[SourceVersion "1"]
[SourceVersionDate "2011.01.05"]
[SourceQuality "1"]

1. e4 c5 2. Nf3 e6 3. d4 cxd4 4. Nxd4 a6 5. Bd3 Nf6 6. 0-0 d6 7. Qe2 b6 8. c4 Bb7 9. Nc3 Be7 10. f4 0-0 11. Kh1 Nc6 12. Nxc6 Bxc6 13. Bd2 Nd7 14. Rae1 Bf6 15. Bc2 g6 16. Rd1 Qc7 17. Be3 Nc5 18. Bd4 Bxd4 19. Rxd4 e5 20. Rdd1 1/2-1/2

[Event "UKR-ch (Women)"]
[Site "Poltava"]
[Date "2010.11.19"]
[Round "7"]
[White "Gritsayeva, Oksana"]
[Black "Zdebskaja, Natalia"]
[Result "1/2-1/2"]
[WhiteElo "2301"]
[BlackElo "2383"]
[PlyCount "52"]
[EventDate "2010.11.13"]
[EventType "swiss"]
[EventRounds "9"]
[EventCountry "UKR"]
[SourceTitle "CBM 139 Extra"]
[Source "ChessBase"]
[SourceDate "2011.01.05"]
[SourceVersion "1"]
[SourceVersionDate "2011.01.05"]
[SourceQuality "1"]

1. e4 c5 2. Nf3 d6 3. d4 Nf6 4. Nc3 cxd4 5. Qxd4 Nc6 6. Bb5 Bd7 7. Bxc6 Bxc6 8. Bg5 e6 9. 0-0-0 Be7 10. Qd3 Qa5 11. h4 h6 12. Bd2 Qa6 13. Nd4 Qxd3 14. cxd3 Ng4 15. Be1 Kd7 16. f3 Ne5 17. Nxc6 bxc6 18. d4 Nc4 19. b3 Nb6 20. d5 cxd5 21. exd5 Rhc8 22. Kb1 Rab8 23. dxe6+ fxe6 24. Rd3 Bf6 25. Ne4 Be5 26. Bc3 Bxc3 1/2-1/2

[Event "UKR-ch (Women)"]
[Site "Poltava"]
[Date "2010.11.16"]
[Round "4"]
[White "Doluhanova, Evgeniya"]
[Black "Zdebskaja, Natalia"]
[Result "1/2-1/2"]
[WhiteElo "2266"]
[BlackElo "2383"]
[PlyCount "76"]
[EventDate "2010.11.13"]
[EventType "swiss"]
[EventRounds "9"]
[EventCountry "UKR"]
[SourceTitle "CBM 139 Extra"]
[Source "ChessBase"]
[SourceDate "2011.01.05"]
[SourceVersion "1"]
[SourceVersionDate "2011.01.05"]
[SourceQuality "1"]

1. e4 c5 2. Nf3 d6 3. d4 Nf6 4. Nc3 cxd4 5. Nxd4 a6 6. Be3 e5 7. Nf3 Qc7 8. a4 Be6 9. Be2 Nbd7 10. 0-0 Be7 11. a5 0-0 12. Ne1 Rac8 13. Nd5 Nxd5 14. exd5 Bf5 15. c4 Bg6 16. b4 f5 17. f4 Bf6 18. Rc1 Rfe8 19. Nf3 exf4 20. Bxf4 b6 21. Kh1 Ne5 22. c5 bxc5 23. bxc5 Qxa5 24. cxd6 Rcd8 25. Ra1 Qc5 26. Rxa6 Ng4 27. Bg3 f4 28. Rc6 Qe3 29. Ng1 fxg3 30. Bxg4 gxh2 31. Nf3 Be4 32. d7 Rf8 33. Be6+ Kh8 34. Qe1 Qd3 35. Qd1 Qe3 36. Qe1 Qd3 37. Qd1 Qe3 38. Qe1 Qd3 1/2-1/2

[Event "UKR-ch (Women)"]
[Site "Poltava"]
[Date "2010.11.13"]
[Round "1"]
[White "Zdebskaja, Natalia"]
[Black "Yushko, Olga"]
[Result "1-0"]
[WhiteElo "2383"]
[BlackElo "2119"]
[PlyCount "43"]
[EventDate "2010.11.13"]
[EventType "swiss"]
[EventRounds "9"]
[EventCountry "UKR"]
[SourceTitle "CBM 139 Extra"]
[Source "ChessBase"]
[SourceDate "2011.01.05"]
[SourceVersion "1"]
[SourceVersionDate "2011.01.05"]
[SourceQuality "1"]

1. e4 e6 2. d4 d5 3. Nc3 Nf6 4. Bg5 dxe4 5. Nxe4 Be7 6. Bxf6 Bxf6 7. Nf3 0-0 8. Qd2 b6 9. 0-0-0 Bb7 10. Bd3 Nd7 11. h4 c5 12. Nfg5 h6 13. Nd6 hxg5 14. Nxb7 Qe7 15. hxg5 Bxg5 16. f4 Bh6 17. g4 Nf6 18. g5 c4 19. gxh6 g6 20. Bxc4 Qxb7 21. f5 exf5 22. Qg5 1-0

[Event "Bayern-chI Bank Hofmann 14th"]
[Site "Bad Wiessee"]
[Date "2010.11.07"]
[Round "9"]
[White "Zdebskaja, Natalia"]
[Black "Brodsky, Michail"]
[Result "0-1"]
[WhiteElo "2357"]
[BlackElo "2549"]
[PlyCount "98"]
[EventDate "2010.10.30"]
[EventType "swiss"]
[EventRounds "9"]
[EventCountry "GER"]
[SourceTitle "EXT 2011"]
[Source "ChessBase"]
[SourceDate "2010.11.26"]
[SourceVersion "1"]
[SourceVersionDate "2010.11.26"]
[SourceQuality "1"]

1. e4 c5 2. Nf3 Nc6 3. Nc3 d6 4. d4 cxd4 5. Nxd4 Nf6 6. Bg5 e6 7. Qd3 Be7 8. 0-0-0 0-0 9. f4 Qb6 10. Be2 h6 11. Bh4 Nxe4 12. Bxe7 Nc5 13. Qe3 Nxe7 14. g4 Nd7 15. Qg3 e5 16. Nf5 Ng6 17. fxe5 dxe5 18. Rd6 Qc5 19. Nd5 Nb6 20. b4 Qxd5 21. Rxd5 Nxd5 22. Bc4 Be6 23. Re1 Ndf4 24. Bb3 a5 25. bxa5 Rxa5 26. h4 Bxb3 27. Qxb3 Ne6 28. g5 h5 29. Nd6 Nd4 30. Qc4 b6 31. Ne4 Raa8 32. c3 Rfc8 33. Qb4 Rxa2 34. Kb1 Ra1+ 35. Kxa1 Nc2+ 36. Kb2 Nxb4 37. cxb4 Nxh4 38. Nd6 Rc6 39. Rd1 Ng6 40. Nf5 Rc7 41. Rd6 Rb7 42. Kc3 h4 43. Kc4 h3 44. Kb5 e4 45. Rd8+ Kh7 46. Kc6 h2 47. Rd1 Ra7 48. Kxb6 Ra2 49. b5 Ne5 0-1

[Event "Bayern-chI Bank Hofmann 14th"]
[Site "Bad Wiessee"]
[Date "2010.11.04"]
[Round "7"]
[White "Zdebskaja, Natalia"]
[Black "Kunin, Vitaly L"]
[Result "1-0"]
[WhiteElo "2357"]
[BlackElo "2538"]
[PlyCount "49"]
[EventDate "2010.10.30"]
[EventType "swiss"]
[EventRounds "9"]
[EventCountry "GER"]
[SourceTitle "EXT 2011"]
[Source "ChessBase"]
[SourceDate "2010.11.26"]
[SourceVersion "1"]
[SourceVersionDate "2010.11.26"]
[SourceQuality "1"]

1. e4 g6 2. d4 Bg7 3. Nc3 d6 4. f4 Nf6 5. Nf3 0-0 6. Bd3 Nc6 7. 0-0 e5 8. fxe5 dxe5 9. d5 Nd4 10. Nxe5 Nxd5 11. Nxd5 Bxe5 12. Bf4 Nc6 13. Qf3 Be6 14. Bxe5 Nxe5 15. Nf6+ Kg7 16. Qg3 Qd4+ 17. Kh1 Nd7 18. Nxd7 Qxd7 19. e5 Qd4 20. Qg5 Rae8 21. Rf4 Qxb2 22. Raf1 Bxa2 23. Rh4 Rh8 24. Qf6+ Kg8 25. c4 1-0

[Event "Bayern-chI Bank Hofmann 14th"]
[Site "Bad Wiessee"]
[Date "2010.11.01"]
[Round "4"]
[White "Foo, Zhi Rong Benjamin"]
[Black "Zdebskaja, Natalia"]
[Result "1/2-1/2"]
[WhiteElo "2154"]
[BlackElo "2357"]
[PlyCount "105"]
[EventDate "2010.10.30"]
[EventType "swiss"]
[EventRounds "9"]
[EventCountry "GER"]
[SourceTitle "EXT 2011"]
[Source "ChessBase"]
[SourceDate "2010.11.26"]
[SourceVersion "1"]
[SourceVersionDate "2010.11.26"]
[SourceQuality "1"]

1. e4 c5 2. Nf3 d6 3. d4 Nf6 4. Nc3 cxd4 5. Qxd4 Nc6 6. Bb5 Bd7 7. Bxc6 Bxc6 8. Bg5 e6 9. 0-0-0 Be7 10. Rhe1 0-0 11. Kb1 h6 12. Bh4 Re8 13. h3 a6 14. Qe3 Qc7 15. Bg3 b5 16. e5 Nd5 17. Nxd5 Bxd5 18. Rd4 Rac8 19. c3 dxe5 20. Bxe5 Qa5 21. Rg4 Qxa2+ 22. Kc1 f6 23. Qxh6 Qa1+ 24. Kc2 Qa4+ 25. Rxa4 gxh6 26. Rg4+ Kf7 27. Bh2 b4 28. Ra1 h5 29. Rh4 Rg8 30. Bg3 b3+ 31. Kd2 Rgd8 32. Ke1 Bxf3 33. gxf3 Rd5 34. Rha4 Rcd8 35. Bf4 Rf5 36. Ke2 a5 37. Bc7 Rd7 38. Bb6 Rfd5 39. Be3 Bd8 40. c4 Rd3 41. c5 Bc7 42. Rc4 R7d5 43. Rac1 f5 44. Rh4 e5 45. Rxh5 f4 46. Rh7+ Ke6 47. Rxc7 fxe3 48. Rc6+ Kf5 49. Rd6 Rd2+ 50. Kxe3 R2d3+ 51. Ke2 Rd2+ 52. Ke3 R2d3+ 53. Ke2 1/2-1/2

[Event "Bayern-chI Bank Hofmann 14th"]
[Site "Bad Wiessee"]
[Date "2010.10.31"]
[Round "2"]
[White "Linner, Christian"]
[Black "Zdebskaja, Natalia"]
[Result "1/2-1/2"]
[WhiteElo "2115"]
[BlackElo "2357"]
[PlyCount "120"]
[EventDate "2010.10.30"]
[EventType "swiss"]
[EventRounds "9"]
[EventCountry "GER"]
[SourceTitle "EXT 2011"]
[Source "ChessBase"]
[SourceDate "2010.11.26"]
[SourceVersion "1"]
[SourceVersionDate "2010.11.26"]
[SourceQuality "1"]

1. d4 Nf6 2. Nf3 d5 3. Bf4 c5 4. c3 Qb6 5. Qb3 c4 6. Qxb6 axb6 7. Bxb8 Rxb8 8. Nbd2 b5 9. g3 Ra8 10. a3 Bf5 11. Nh4 e6 12. Bg2 b4 13. Nxf5 exf5 14. 0-0 bxc3 15. bxc3 Ne4 16. Nxe4 fxe4 17. a4 Kd7 18. f3 e3 19. Rfb1 Kc6 20. f4 Be7 21. Rb5 Rhd8 22. Rab1 Ra7 23. Rb6+ Kc7 24. R6b5 Kc6 25. Rb6+ Kc7 26. R6b5 Kc6 27. a5 Ba3 28. Bf3 Rd6 29. Rb6+ Kc7 30. R6b5 Kc6 31. Rb6+ Kc7 32. R6b5 Kc6 33. Kg2 f5 34. Rb6+ Kc7 35. R6b5 Kc6 36. Rb6+ Kc7 37. R6b5 Kc6 38. h3 g6 39. Rb6+ Kc7 40. R6b5 Kc6 41. Rxd5 Rxd5 42. Rb6+ Kc7 43. Bxd5 Rxa5 44. Rxb7+ Kc8 45. Bc6 Bd6 46. Rd7 Bc7 47. Rxh7 Ra3 48. Rg7 Rxc3 49. Rxg6 Rc1 50. Rg7 Bb6 51. Bd7+ Kb8 52. Bxf5 Bxd4 53. Rd7 Bb6 54. h4 Re1 55. Kf3 Rf1+ 56. Kg4 Re1 57. Kf3 Rf1+ 58. Kg4 Re1 59. Kf3 Rf1+ 60. Kg4 Re1 1/2-1/2

[Event "Kalamaria op 7th"]
[Site "Kalamaria"]
[Date "2010.09.01"]
[Round "9"]
[White "Zdebskaja, Natalia"]
[Black "Mastrovasilis, Dimitrios"]
[Result "0-1"]
[WhiteElo "2383"]
[BlackElo "2583"]
[PlyCount "186"]
[EventDate "2010.08.25"]
[EventType "swiss"]
[EventRounds "9"]
[EventCountry "GRE"]
[SourceTitle "CBM 138 Extra"]
[Source "ChessBase"]
[SourceDate "2010.10.29"]
[SourceVersion "1"]
[SourceVersionDate "2010.10.29"]
[SourceQuality "1"]

1. e4 e5 2. Nf3 Nc6 3. Bb5 a6 4. Ba4 Nf6 5. 0-0 Be7 6. Re1 b5 7. Bb3 d6 8. c3 0-0 9. h3 Na5 10. Bc2 c5 11. d4 Qc7 12. Nbd2 Nc6 13. d5 Nd8 14. a4 Rb8 15. axb5 axb5 16. c4 b4 17. Nf1 Ne8 18. g4 g6 19. Ng3 Ng7 20. Kh2 f6 21. Be3 Nf7 22. Qd2 Kh8 23. Rg1 Bd7 24. Ba4 Ra8 25. Qc2 Ra7 26. Ra2 Rfa8 27. Rga1 Ra5 28. Bb3 Rxa2 29. Rxa2 Rxa2 30. Bxa2 Bf8 31. Bb3 Qa5 32. Qb1 Kg8 33. Bc2 Ne8 34. Qc1 Qa2 35. Bd3 Nc7 36. g5 Qb3 37. Qc2 Qxc2 38. Bxc2 Be7 39. h4 Ne8 40. Kg2 Kg7 41. b3 h6 42. gxh6+ Nxh6 43. h5 g5 44. Nh2 Kh7 45. Bd1 Ng7 46. Kf1 Bh3+ 47. Ke1 Kg8 48. Kd2 Kf7 49. Kd3 Bd8 50. Be2 Be7 51. Bd1 f5 52. exf5 Ngxf5 53. Nxf5 Bxf5+ 54. Kd2 Kf6 55. Nf3 Nf7 56. Nh2 Kg7 57. Bg4 Be4 58. f3 Bh7 59. Nf1 Nh6 60. Be6 Nf5 61. Bf2 Kh6 62. Bf7 Nh4 63. Nh2 Bf5 64. Be8 Kg7 65. Bg3 Bf6 66. Bc6 Kf7 67. Ba4 Bh7 68. Bd7 Kg7 69. Be8 Bf5 70. Ba4 Kf7 71. Bc6 Ke7 72. Ba4 Bg7 73. Ke2 Bc2 74. Kd2 Bf5 75. Ke2 Bc2 76. Kd2 Bh7 77. Ke2 Nf5 78. Bf2 Nd4+ 79. Bxd4 cxd4 80. Ng4 e4 81. fxe4 Bxe4 82. Nf2 Bf5 83. Kf3 Bh6 84. Bb5 d3 85. c5 d2 86. cxd6+ Kxd6 87. Be2 Kxd5 88. Nd1 Kd4 89. Ne3 Be6 90. Bd1 Kd3 91. Bc2+ Kc3 92. Ke2 g4 93. Bd1 g3 0-1

[Event "Kalamaria op 7th"]
[Site "Kalamaria"]
[Date "2010.08.31"]
[Round "8"]
[White "Shavtvaladze, Nikoloz"]
[Black "Zdebskaja, Natalia"]
[Result "0-1"]
[WhiteElo "2424"]
[BlackElo "2383"]
[PlyCount "96"]
[EventDate "2010.08.25"]
[EventType "swiss"]
[EventRounds "9"]
[EventCountry "GRE"]
[SourceTitle "CBM 138 Extra"]
[Source "ChessBase"]
[SourceDate "2010.10.29"]
[SourceVersion "1"]
[SourceVersionDate "2010.10.29"]
[SourceQuality "1"]

1. e4 c6 2. d4 d5 3. exd5 cxd5 4. c4 Nf6 5. Nc3 e6 6. Nf3 Bb4 7. cxd5 Nxd5 8. Bd2 0-0 9. Bd3 Nc6 10. 0-0 Be7 11. a3 Bf6 12. Be3 Nxc3 13. bxc3 b6 14. Qc2 h6 15. Qe2 Bb7 16. Bf4 Qd5 17. Bc2 Rfd8 18. Qd3 Kf8 19. Qh7 Na5 20. Be5 Ke7 21. Rfe1 Rh8 22. Qd3 Rac8 23. Qd2 Bxe5 24. Be4 Bxh2+ 25. Nxh2 Qc4 26. Bxb7 Nxb7 27. Re3 Rhd8 28. Rg3 Nd6 29. Re1 Nf5 30. Rf3 Kf8 31. Ng4 Kg8 32. Ne5 Qd5 33. Qf4 g5 34. Qd2 Nh4 35. Rg3 f6 36. Ng4 Qxg2+ 37. Rxg2 Nf3+ 38. Kh1 Nxd2 39. Rxe6 Rxc3 40. Rxf6 Rxd4 41. Rg6+ Kf8 42. Nxh6 Nf3 43. Rg8+ Ke7 44. Nf5+ Kf6 45. Rf8+ Ke5 46. Rg3 Rf4 47. Ne7 Rc1+ 48. Kg2 Rg1+ 0-1

[Event "Kalamaria op 7th"]
[Site "Kalamaria"]
[Date "2010.08.28"]
[Round "4"]
[White "Zdebskaja, Natalia"]
[Black "Atalik, Suat"]
[Result "0-1"]
[WhiteElo "2383"]
[BlackElo "2607"]
[PlyCount "66"]
[EventDate "2010.08.25"]
[EventType "swiss"]
[EventRounds "9"]
[EventCountry "GRE"]
[SourceTitle "CBM 138 Extra"]
[Source "ChessBase"]
[SourceDate "2010.10.29"]
[SourceVersion "1"]
[SourceVersionDate "2010.10.29"]
[SourceQuality "1"]

1. e4 e5 2. Nf3 Nc6 3. Bb5 Nf6 4. 0-0 Nxe4 5. Re1 Nd6 6. Nxe5 Be7 7. Bf1 Nf5 8. Bd3 d5 9. Nxc6 bxc6 10. Qf3 Nd4 11. Qh5 Ne6 12. Nc3 g6 13. Qf3 0-0 14. b3 Bd6 15. Bb2 Qg5 16. Ne2 f5 17. Rad1 Qh4 18. g3 Qg4 19. Nd4 Ng5 20. Qg2 f4 21. f3 Qh5 22. g4 Qh4 23. Nxc6 Bd7 24. Ne7+ Bxe7 25. Rxe7 Nh3+ 26. Qxh3 Qxe7 27. Qh6 Rab8 28. Kg2 Qf7 29. Bd4 Bb5 30. c4 dxc4 31. bxc4 Rbd8 32. Bc5 Rxd3 33. Bxf8 Bc6 0-1

[Event "Arctic Chess Challenge"]
[Site "Tromsoe"]
[Date "2010.08.08"]
[Round "9"]
[White "Alfred, Nathan"]
[Black "Zdebskaja, Natalia"]
[Result "1-0"]
[WhiteElo "2263"]
[BlackElo "2383"]
[PlyCount "113"]
[EventDate "2010.07.31"]
[EventType "swiss"]
[EventRounds "9"]
[EventCountry "NOR"]
[SourceTitle "CBM 137 Extra"]
[Source "ChessBase"]
[SourceDate "2010.09.01"]
[SourceVersion "1"]
[SourceVersionDate "2010.09.01"]
[SourceQuality "1"]

1. e4 c5 2. Nf3 d6 3. d4 Nf6 4. Nc3 cxd4 5. Nxd4 a6 6. Be2 e5 7. Nb3 Be7 8. 0-0 0-0 9. Kh1 b6 10. Be3 Bb7 11. f3 b5 12. a4 b4 13. Nd5 Nxd5 14. exd5 Nd7 15. c4 bxc3 16. bxc3 Bg5 17. Bg1 Qc7 18. c4 a5 19. Nd2 Bxd2 20. Qxd2 Nc5 21. Ra3 Ba6 22. f4 f6 23. Rh3 Rae8 24. Qc2 e4 25. Bd4 Bc8 26. f5 Bd7 27. Qc3 e3 28. Bxe3 Bxa4 29. Bh5 Rb8 30. Qd4 Qe7 31. Qh4 Qe4 32. Bg4 h6 33. Bxh6 Rb2 34. Bd2 Kf7 35. Bh5+ Kg8 36. Bg4 Kf7 37. Qh5+ Ke7 38. Re3 Rxd2 39. Rxe4+ Nxe4 40. Re1 Bc2 41. Bf3 Rd4 42. Qg4 Kd8 43. Bxe4 Re8 44. Qxg7 Rexe4 45. Qxf6+ Kc7 46. Rg1 Rxc4 47. Qg7+ Kb6 48. f6 Rf4 49. Qd7 Kc5 50. Qc6+ Kd4 51. Qxd6 Rf5 52. Qe6 Be4 53. f7 Rf2 54. Qb6+ Rc5 55. d6 Rxf7 56. Rd1+ Bd3 57. Rxd3+ 1-0

[Event "Arctic Chess Challenge"]
[Site "Tromsoe"]
[Date "2010.08.07"]
[Round "8"]
[White "Zdebskaja, Natalia"]
[Black "Gokhvat, Peter"]
[Result "1/2-1/2"]
[WhiteElo "2383"]
[BlackElo "2242"]
[PlyCount "125"]
[EventDate "2010.07.31"]
[EventType "swiss"]
[EventRounds "9"]
[EventCountry "NOR"]
[SourceTitle "CBM 137 Extra"]
[Source "ChessBase"]
[SourceDate "2010.09.01"]
[SourceVersion "1"]
[SourceVersionDate "2010.09.01"]
[SourceQuality "1"]

1. e4 e6 2. d4 d5 3. Nc3 Bb4 4. e5 c5 5. a3 Bxc3+ 6. bxc3 Qa5 7. Bd2 Qa4 8. Qb1 a6 9. Qb3 Qxb3 10. cxb3 Nc6 11. Nf3 Nge7 12. Bd3 b6 13. dxc5 bxc5 14. Be3 Rb8 15. Rb1 c4 16. bxc4 Rxb1+ 17. Bxb1 dxc4 18. Ba2 Ng6 19. Bxc4 Ngxe5 20. Nxe5 Nxe5 21. Be2 0-0 22. 0-0 f5 23. Rd1 Bb7 24. Rd6 f4 25. Bd4 Nc6 26. Bc4 Nxd4 27. cxd4 Bd5 28. Bxd5 exd5 29. Rxd5 Rb8 30. h4 Rb1+ 31. Kh2 Rb3 32. a4 g6 33. f3 Rb1 34. h5 gxh5 35. Rg5+ Kh8 36. Rxh5 Rb4 37. Rd5 Rxa4 38. Kh3 Kg7 39. Kg4 Ra2 40. Rg5+ Kf6 41. Kxf4 Rd2 42. d5 a5 43. Rf5+ Kg6 44. g4 a4 45. Rg5+ Kf6 46. Rh5 Kg6 47. Re5 a3 48. Re6+ Kg7 49. Ra6 Rxd5 50. Rxa3 Rb5 51. Ra7+ Kg6 52. Ra6+ Kg7 53. Re6 Kf7 54. Re5 Rb3 55. Re3 Rb5 56. g5 h6 57. gxh6 Rh5 58. Ra3 Rxh6 59. Ra7+ Kf8 60. Kg5 Rb6 61. f4 Rc6 62. f5 Rb6 63. f6 1/2-1/2

[Event "Arctic Chess Challenge"]
[Site "Tromsoe"]
[Date "2010.08.06"]
[Round "7"]
[White "Azarov, Sergei Nikolaevich"]
[Black "Zdebskaja, Natalia"]
[Result "1-0"]
[WhiteElo "2600"]
[BlackElo "2383"]
[PlyCount "53"]
[EventDate "2010.07.31"]
[EventType "swiss"]
[EventRounds "9"]
[EventCountry "NOR"]
[SourceTitle "CBM 137 Extra"]
[Source "ChessBase"]
[SourceDate "2010.09.01"]
[SourceVersion "1"]
[SourceVersionDate "2010.09.01"]
[SourceQuality "1"]

1. e4 c5 2. Nf3 d6 3. d4 Nf6 4. Nc3 cxd4 5. Nxd4 a6 6. Bg5 e6 7. f4 Qc7 8. Bxf6 gxf6 9. Qd2 Nc6 10. 0-0-0 Bd7 11. Kb1 Rg8 12. Nb3 0-0-0 13. g3 Rh8 14. Qf2 Na5 15. f5 Be7 16. Nxa5 Qxa5 17. Bc4 Kb8 18. Bb3 Rc8 19. Qf3 Rc5 20. Qh5 Rxc3 21. bxc3 Rf8 22. Qxh7 Qxc3 23. fxe6 Bb5 24. Qf5 fxe6 25. Qxe6 Re8 26. Qd5 f5 27. Qd4 1-0

[Event "Arctic Chess Challenge"]
[Site "Tromsoe"]
[Date "2010.08.05"]
[Round "6"]
[White "Zdebskaja, Natalia"]
[Black "Petrov, Marian"]
[Result "1/2-1/2"]
[WhiteElo "2383"]
[BlackElo "2535"]
[PlyCount "66"]
[EventDate "2010.07.31"]
[EventType "swiss"]
[EventRounds "9"]
[EventCountry "NOR"]
[SourceTitle "CBM 137 Extra"]
[Source "ChessBase"]
[SourceDate "2010.09.01"]
[SourceVersion "1"]
[SourceVersionDate "2010.09.01"]
[SourceQuality "1"]

1. e4 c5 2. Nf3 Nc6 3. d4 cxd4 4. Nxd4 Qb6 5. Nb3 Nf6 6. Nc3 e6 7. Qe2 Bb4 8. Bd2 0-0 9. a3 Be7 10. e5 Nd5 11. g3 d6 12. exd6 Bxd6 13. Bg2 Be5 14. 0-0 Nxc3 15. bxc3 Qc7 16. Rfe1 Bd6 17. Nd4 Nxd4 18. cxd4 Qxc2 19. Rec1 Qa4 20. Rab1 Rb8 21. Bb4 Bxb4 22. axb4 Bd7 23. b5 a6 24. bxa6 bxa6 25. Ra1 Qxd4 26. Qxa6 Rb2 27. Qa7 e5 28. Rd1 Qxa7 29. Rxa7 Bg4 30. Re1 Be6 31. Ra5 Rd8 32. Raxe5 Rdd2 33. Rd5 g6 1/2-1/2

[Event "Arctic Chess Challenge"]
[Site "Tromsoe"]
[Date "2010.08.03"]
[Round "4"]
[White "Zdebskaja, Natalia"]
[Black "Eriksen, Magnus"]
[Result "1-0"]
[WhiteElo "2383"]
[BlackElo "1961"]
[PlyCount "53"]
[EventDate "2010.07.31"]
[EventType "swiss"]
[EventRounds "9"]
[EventCountry "NOR"]
[SourceTitle "CBM 137 Extra"]
[Source "ChessBase"]
[SourceDate "2010.09.01"]
[SourceVersion "1"]
[SourceVersionDate "2010.09.01"]
[SourceQuality "1"]

1. e4 e6 2. d4 d5 3. Nc3 Nc6 4. Nf3 Nf6 5. e5 Ne4 6. Bd3 Bb4 7. Bd2 Nxd2 8. Qxd2 f6 9. Bb5 0-0 10. Bxc6 bxc6 11. 0-0 fxe5 12. Nxe5 Qh4 13. Qe3 Bd6 14. f4 Bb7 15. Na4 Rad8 16. Nc5 Bxc5 17. dxc5 Qe7 18. c3 Rf6 19. b4 Rdf8 20. a4 Qe8 21. Rf3 Ba6 22. Ra2 Bc4 23. Rb2 d4 24. Qxd4 Bd5 25. Rf1 g5 26. Rbf2 gxf4 27. c4 1-0

[Event "Balaguer op 15th"]
[Site "Balaguer"]
[Date "2010.07.20"]
[Round "2"]
[White "Zdebskaja, Natalia"]
[Black "Gomez Garrido, Camilo Ernesto"]
[Result "1/2-1/2"]
[WhiteElo "2383"]
[BlackElo "2499"]
[PlyCount "83"]
[EventDate "2010.07.19"]
[EventType "swiss"]
[EventRounds "9"]
[EventCountry "ESP"]
[SourceTitle "CBM 137 Extra"]
[Source "ChessBase"]
[SourceDate "2010.09.01"]
[SourceVersion "1"]
[SourceVersionDate "2010.09.01"]
[SourceQuality "1"]

1. e4 c5 2. Nf3 d6 3. d4 Nf6 4. Nc3 cxd4 5. Nxd4 a6 6. Be2 Nbd7 7. Be3 g6 8. Qd2 Bg7 9. f3 Qc7 10. g4 Nb6 11. 0-0-0 Nfd7 12. f4 Nc5 13. h4 Bd7 14. h5 Rg8 15. hxg6 hxg6 16. Kb1 0-0-0 17. Nd5 Nxd5 18. exd5 Ne4 19. Qb4 Qc5 20. Qb3 Qa5 21. Nc6 Bxc6 22. dxc6 bxc6 23. Bb6 Nd2+ 24. Rxd2 Qxd2 25. Qc4 Qd5 26. Qxa6+ Kd7 27. Rd1 Qe4 28. Qa7+ Ke6 29. f5+ Kf6 30. Bxd8 Rxd8 31. Bd3 Qe5 32. g5+ Kxg5 33. Rg1+ Kf6 34. fxg6 fxg6 35. Rf1+ Kg5 36. Rg1+ Kf6 37. Qb6 Kf7 38. Bxg6+ Ke6 39. Bd3 Rc8 40. Qb4 Qd4 41. Re1+ Kf7 42. Bc4+ 1/2-1/2

[Event "TUR-chT"]
[Site "Konya"]
[Date "2010.07.07"]
[Round "12"]
[White "Atalik, Ekaterina"]
[Black "Zdebskaja, Natalia"]
[Result "1/2-1/2"]
[WhiteElo "2444"]
[BlackElo "2383"]
[PlyCount "68"]
[EventDate "2010.06.29"]
[EventType "team-tourn"]
[EventRounds "13"]
[EventCountry "TUR"]
[SourceTitle "CBM 137 Extra"]
[Source "ChessBase"]
[SourceDate "2010.09.01"]
[SourceVersion "1"]
[SourceVersionDate "2010.09.01"]
[SourceQuality "1"]

1. d4 Nf6 2. c4 e6 3. Nc3 Bb4 4. e3 c5 5. Bd3 d5 6. Nf3 0-0 7. 0-0 Nc6 8. a3 Bxc3 9. bxc3 dxc4 10. Bxc4 Qc7 11. h3 e5 12. Bb2 e4 13. Nd2 Bf5 14. a4 Rfe8 15. Qe2 Rad8 16. Ba3 b6 17. Bb5 Re6 18. Rfd1 Nd5 19. Rac1 Rg6 20. Qh5 Nxe3 21. fxe3 Qg3 22. Bf1 Bg4 23. hxg4 Qxe3+ 24. Kh1 Rh6 25. Nc4 Qg5 26. Qxh6 Qxh6+ 27. Kg1 cxd4 28. cxd4 Qf4 29. d5 e3 30. dxc6 Qf2+ 31. Kh1 Qh4+ 32. Kg1 Qf2+ 33. Kh1 Qh4+ 34. Kg1 Qf2+ 1/2-1/2

[Event "TUR-chT"]
[Site "Konya"]
[Date "2010.07.05"]
[Round "9"]
[White "Zdebskaja, Natalia"]
[Black "Majdan, Joanna"]
[Result "1/2-1/2"]
[WhiteElo "2383"]
[BlackElo "2348"]
[PlyCount "98"]
[EventDate "2010.06.29"]
[EventType "team-tourn"]
[EventRounds "13"]
[EventCountry "TUR"]
[SourceTitle "CBM 137 Extra"]
[Source "ChessBase"]
[SourceDate "2010.09.01"]
[SourceVersion "1"]
[SourceVersionDate "2010.09.01"]
[SourceQuality "1"]

1. e4 c5 2. Nf3 d6 3. d4 cxd4 4. Nxd4 Nf6 5. Nc3 Nc6 6. h3 g6 7. Be3 Bg7 8. Bc4 0-0 9. Bb3 Qa5 10. 0-0 Bd7 11. Re1 Nxd4 12. Bxd4 Bc6 13. Nd5 Bxd5 14. exd5 Rfe8 15. c3 Nd7 16. Bxg7 Kxg7 17. Qd4+ Kg8 18. Re3 Qc5 19. Rae1 Qxd4 20. cxd4 Kf8 21. Ba4 Rad8 22. Rb3 b6 23. Rbe3 Nf6 24. Bc6 Rc8 25. g4 g5 26. Ra3 Rc7 27. Bxe8 Kxe8 28. Rc3 Nxd5 29. Rxc7 Nxc7 30. Kg2 Nd5 31. Kf3 Kd7 32. h4 h6 33. hxg5 hxg5 34. Rh1 Ke6 35. Rh8 Nb4 36. a3 Nc6 37. Ke4 d5+ 38. Kd3 Kd6 39. Rh5 f6 40. f4 gxf4 41. Rf5 Nb8 42. Rxf4 Nd7 43. Rf1 e5 44. dxe5+ Nxe5+ 45. Kd4 Nc6+ 46. Ke3 Ke5 47. Kd3 Ke6 48. Re1+ Kd6 49. Rf1 Ke6 1/2-1/2

[Event "TUR-chT"]
[Site "Konya"]
[Date "2010.07.04"]
[Round "7"]
[White "Zdebskaja, Natalia"]
[Black "Ushenina, Anna"]
[Result "1/2-1/2"]
[WhiteElo "2383"]
[BlackElo "2468"]
[PlyCount "40"]
[EventDate "2010.06.29"]
[EventType "team-tourn"]
[EventRounds "13"]
[EventCountry "TUR"]
[SourceTitle "CBM 137 Extra"]
[Source "ChessBase"]
[SourceDate "2010.09.01"]
[SourceVersion "1"]
[SourceVersionDate "2010.09.01"]
[SourceQuality "1"]

1. e4 c6 2. Nf3 d5 3. Nc3 Bg4 4. h3 Bxf3 5. Qxf3 e6 6. d3 Nd7 7. Bd2 g6 8. g4 Bg7 9. 0-0-0 Ne7 10. h4 h5 11. gxh5 Rxh5 12. Qg3 Nf6 13. Be2 Rh7 14. f4 Qc7 15. Qf2 Nh5 16. Bg4 Nf6 17. Bf3 Nh5 18. Bg4 Nf6 19. Bf3 Nh5 20. Bg4 Nf6 1/2-1/2